Statistics for German States by Coat of Arms

Click here to take the quiz!

General Stats

  • This quiz has been taken 58 times
  • The average score is 14 of 16

Answer Stats

Answer% Correct
Berlin
98%
Bavaria
96%
Hamburg
96%
Baden-Württemberg
94%
Saxony
94%
Hesse
91%
Lower Saxony
91%
North Rhine-Westphalia
91%
Rhineland-Palatinate
91%
Mecklenburg-Vorpommern
89%
Schleswig-Holstein
89%
Brandenburg
87%
Thuringia
87%
Bremen
85%
Saarland
85%
Saxony-Anhalt
83%

Score Distribution

Percentile by Number Answered

Percent of People with Each Score

Your Score History

You have not taken this quiz